000
00333nam a2200145Ia 4500
003
OSt
005
20240111110000.0
008
170523s9999 xx 000 0 und d
020
_a
9788126511143
040
_c
iimtu
100
_a
Cotton- F. Albert
245
0
_a
Basic Inorganic Chemistry
260
_a
Wiley India
942
_2
ddc
_c
02
999
_c
11989
_d
11989